[Event "AUTO-OPEN-1253"]
[Site "http://www.queenalice.com/game.php?id=458645"]
[Date "2008.9.5"]
[Round "1"]
[White "scaramouche"]
[Black "Petita39"]
[Result "0-1"]
[WhiteElo "1848"]
[BlackElo "2053"]

1. d4 d5 2. Nc3 Nf6 3. Bg5 e6 4. e4 dxe4 5. Nxe4 Be7 6. Nxf6+ Bxf6 7. Be3 O-O 8.
Nf3 Nc6 9. Bc4 a6 10. O-O b5 11. Bd3 Bb7 12. Ne5 Nxe5 13. dxe5 Bxe5 14. Qh5 f5
15. Rab1 Rf6 16. Bg5 Qd5 17. f3 Rg6 18. b3 Re8 19. Rbe1 Bc3 20. Re2 c5 21. g4
Bc6 22. Be3 c4 23. bxc4 bxc4 24. Bxc4 Qxc4 25. Kf2 Bd4 26. Bxd4 Qxd4+ 27. Kg2
Bb5 28. Rfe1 Bxe2 29. Rxe2 fxg4 30. Re4 gxf3+ 0-1

[Event "AUTO-OPEN-1289"]
[Site "http://www.queenalice.com/game.php?id=472934"]
[Date "2008.10.4"]
[Round "1"]
[White "Petita39"]
[Black "arrabi"]
[Result "0-1"]
[WhiteElo "2069"]
[BlackElo "2041"]

1. d4 Nf6 2. c4 g6 3. Nc3 Bg7 4. e4 d6 5. Be2 c6 6. Be3 O-O 7. Nf3 Re8 8. O-O
Nbd7 9. Qd2 a6 10. b4 b5 11. Rfc1 Bb7 12. Ne1 e5 13. d5 c5 14. a3 bxc4 15. Bxc4
Ng4 16. Bg5 f6 17. Bh4 g5 18. Bg3 h5 19. f3 Nh6 20. Nd3 h4 21. Bf2 f5 22. bxc5
dxc5 23. Nxc5 Nxc5 24. Bxc5 Kh8 25. Be3 f4 26. Bf2 Rc8 27. Be2 Bf8 28. Qb2 Qd7
29. Rab1 Rb8 30. Qb6 Bd6 31. Bxa6 Bxd5 32. Qa5 Bc6 33. Nd5 Rxb1 34. Rxb1 Ra8 35.
Nb6 Bc7 36. Qc3 Bxb6 37. Qxe5+ Kh7 38. Bxb6 Rxa6 39. Bc5 Nf7 40. Qc3 h3 41. Bf8
Qa7+ 42. Kf1 Nd8 43. Rd1 Bb5+ 44. Ke1 Qg1+ 45. Kd2 Qxg2+ 46. Kc1 Rc6 47. Bc5 Ne6
0-1

[Event "AUTO-OPEN-1289"]
[Site "http://www.queenalice.com/game.php?id=472935"]
[Date "2008.10.4"]
[Round "1"]
[White "arrabi"]
[Black "Petita39"]
[Result "0-1"]
[WhiteElo "2106"]
[BlackElo "2050"]

1. e4 e5 2. Bc4 Nf6 3. d3 Nc6 4. a4 d5 5. exd5 Nxd5 6. h3 Bc5 7. Ne2 O-O 8. O-O
Be6 9. c3 Qd7 10. Kh2 Bd6 11. Ng1 Rae8 12. g3 Kh8 13. b4 f5 14. Qb3 Nce7 15. Bg5
c6 16. Qc2 Ng6 17. Ba2 f4 18. Nd2 h6 19. Bh4 Nxh4 20. gxh4 Bf5 21. Ne4 Nf6 22.
f3 Be7 23. Rad1 Rd8 24. Rfe1 Qe8 25. Ne2 Qh5 26. Ng1 Qxh4 27. Qg2 Nd5 28. Bxd5
cxd5 29. Nf2 Bd6 30. Ne2 Rf6 31. d4 Rg6 32. Ng4 h5 33. Qf2 Qg5 34. Nxe5 Bxe5 35.
dxe5 h4 36. Rg1 Qg3+ 37. Qxg3 fxg3+ 38. Kg2 Re6 39. f4 Be4+ 40. Kf1 Rf8 41. Rd4
Rxe5 42. Ke1 Re6 43. Kd2 g5 44. c4 Bf3 45. Nc3 Rxf4 46. Kd3 dxc4+ 47. Kxc4 Be2+
48. Kd5 Rxd4+ 49. Kxd4 Bf3 50. b5 Kg7 51. a5 b6 52. a6 Kg6 53. Kd3 Kf5 54. Rf1
Kf4 55. Nd5+ Ke5 56. Nc7 Rd6+ 57. Ke3 Bh5 58. Rc1 Bg6 59. Kf3 Be4+ 60. Kg4 g2
61. Rg1 Rd3 62. Kxg5 Rxh3 63. Kg4 Rh1 0-1

[Event "AUTO-OPEN-1289"]
[Site "http://www.queenalice.com/game.php?id=472936"]
[Date "2008.10.4"]
[Round "1"]
[White "Petita39"]
[Black "KlingonWarrior"]
[Result "0-1"]
[WhiteElo "2052"]
[BlackElo "1980"]

1. d4 Nf6 2. c4 g6 3. Nc3 d5 4. e3 Bg7 5. Be2 O-O 6. Nf3 dxc4 7. Bxc4 c5 8. O-O
Bg4 9. Be2 cxd4 10. Nxd4 Bxe2 11. Qxe2 e5 12. Nf3 Nc6 13. Rd1 Qb6 14. e4 Rfd8
15. Be3 Nd4 16. Bxd4 exd4 17. Nb5 Nxe4 18. Qxe4 Qxb5 19. Rab1 Qd5 20. Qxd5 Rxd5
21. Rbc1 Rad8 22. Rd3 R5d7 23. Kf1 Kf8 24. b3 h6 25. Ke2 Re8+ 26. Kd2 Re4 27.
Re1 f5 28. g3 Kf7 29. Nh4 Bf8 30. Re2 Bc5 31. Rf3 Bb4+ 32. Kd3 Rxe2 33. Kxe2 Kf6
34. Ng2 g5 35. Rd3 Bc3 36. Rd1 Rd6 37. Kd3 b5 0-1

[Event "AUTO-OPEN-1289"]
[Site "http://www.queenalice.com/game.php?id=472937"]
[Date "2008.10.4"]
[Round "1"]
[White "KlingonWarrior"]
[Black "Petita39"]
[Result "1-0"]
[WhiteElo "1500"]
[BlackElo "2061"]

1. e4 e5 2. Nf3 Nf6 3. Nxe5 d6 4. Nf3 Nxe4 5. Nc3 Nxc3 6. dxc3 Bg4 7. h3 Bh5 8.
Qd5 Bxf3 9. Qxf3 c6 10. Bd3 Nd7 11. Bf4 Qe7+ 12. Kd2 O-O-O 13. Rhe1 Qf6 14. Qe3
h6 15. g4 g5 16. Bg3 Bg7 17. Qxa7 Rhe8 18. Qa8+ Kc7 19. Qa5+ Nb6 20. c4 Ra8 21.
Qb4 c5 22. Qxc5+ 1-0

[Event "AUTO-OPEN-1305"]
[Site "http://www.queenalice.com/game.php?id=478345"]
[Date "2008.10.17"]
[Round "1"]
[White "markus765432"]
[Black "Petita39"]
[Result "0-1"]
[WhiteElo "2164"]
[BlackElo "2072"]

1. d4 Nf6 2. c4 d5 3. cxd5 Nxd5 4. e4 Nf6 5. Nc3 e6 6. Bg5 Be7 7. Nf3 h6 8. Bh4
O-O 9. Bc4 Nxe4 10. Bxe7 Nxc3 11. Bxd8 Nxd1 12. Be7 Nxb2 13. Bxf8 Kxf8 14. Be2
Nd7 15. O-O a6 16. a4 Nb6 17. a5 Nd5 18. Rfb1 Na4 19. Bc4 Nac3 20. Rc1 Bd7 21.
Kf1 Bb5 22. Bxb5 axb5 23. Ke1 Na4 24. Ne5 Ke7 25. Kd2 Rxa5 26. Nd3 f6 27. Kc2
Ra6 28. Kb3 Kd6 29. Nb2 Nxb2 30. Kxb2 Ra4 31. Rxa4 bxa4 32. Ka3 b5 33. Rc2 c6
34. Rc1 Nf4 35. g3 Ne2 0-1

[Event "AUTO-OPEN-1305"]
[Site "http://www.queenalice.com/game.php?id=478346"]
[Date "2008.10.17"]
[Round "1"]
[White "Petita39"]
[Black "markus765432"]
[Result "1-0"]
[WhiteElo "2081"]
[BlackElo "2184"]

1. d4 d5 2. c4 e6 3. Nf3 Nf6 4. Nc3 c6 5. e3 Bd6 6. Bd3 O-O 7. O-O dxc4 8. Bxc4
b5 9. Bd3 b4 10. Ne2 Bb7 11. b3 Nbd7 12. Bb2 c5 13. Rc1 Bxf3 14. gxf3 Nd5 15.
Kh1 Qh4 16. f4 f5 17. Ng3 N7f6 18. Be2 cxd4 19. Bxd4 Rfd8 20. Bf3 Rac8 21. Rxc8
Rxc8 22. Bxf6 Qxf6 23. Bxd5 exd5 24. Qxd5+ Kf8 25. Rd1 Be7 26. Qxf5 Qxf5 27.
Nxf5 Rc2 28. Rd7 1-0

[Event "AUTO-OPEN-1305"]
[Site "http://www.queenalice.com/game.php?id=478373"]
[Date "2008.10.17"]
[Round "1"]
[White "chicalleje"]
[Black "Petita39"]
[Result "1-0"]
[WhiteElo "1991"]
[BlackElo "2067"]

1. e4 e5 2. Nf3 Nf6 3. Nxe5 d6 4. Nf3 Nxe4 5. d3 Nf6 6. Be2 Be7 7. O-O O-O 8.
Nc3 Nc6 9. Re1 Bg4 10. Bg5 Re8 11. h3 Bh5 12. Qd2 Qd7 13. a3 d5 14. b4 a6 15.
Rad1 Rad8 16. Nb1 d4 17. c3 dxc3 18. Nxc3 b5 19. d4 Nd5 20. Nxd5 Qxd5 21. Be3
Bf6 22. g4 Bg6 23. Qc3 Be4 24. Bf4 Bxf3 25. Bxf3 Rxe1+ 26. Rxe1 Qxd4 27. Qxc6
1-0

[Event "AUTO-OPEN-1305"]
[Site "http://www.queenalice.com/game.php?id=478374"]
[Date "2008.10.17"]
[Round "1"]
[White "Petita39"]
[Black "chicalleje"]
[Result "1-0"]
[WhiteElo "2052"]
[BlackElo "2023"]

1. d4 d5 2. c4 c6 3. Nc3 e6 4. e3 Nf6 5. Nf3 Bd6 6. Bd3 dxc4 7. Bxc4 O-O 8. O-O
Nbd7 9. a3 Nb6 10. Bd3 Nbd5 11. Qc2 Re8 12. e4 Nxc3 13. bxc3 e5 14. Bg5 Bg4 15.
dxe5 Bxe5 16. Nxe5 Rxe5 17. f4 Re6 18. e5 h6 19. exf6 hxg5 20. fxg5 g6 21. Bxg6
Re2 22. Bxf7+ Kxf7 23. Qh7+ Ke6 24. Rad1 Qb6+ 25. Rd4 1-0

[Event "AUTO-OPEN-1305"]
[Site "http://www.queenalice.com/game.php?id=478391"]
[Date "2008.10.17"]
[Round "1"]
[White "diego2907"]
[Black "Petita39"]
[Result "1-0"]
[WhiteElo "1759"]
[BlackElo "2101"]

1. e4 e5 2. Bc4 Nf6 3. Nf3 Nc6 4. d3 d5 5. exd5 Nxd5 6. Bg5 Be7 7. Bxe7 Ndxe7 8.
Ng5 O-O 9. Nd2 Nd5 10. Qf3 Nf6 11. h3 h6 12. Nge4 Nd5 13. Bxd5 Nb4 14. Bb3 c6
15. a3 Nd5 16. c4 Nf4 17. Bc2 f5 18. Ng3 Ne6 19. Bb3 Nd4 20. c5+ Nxb3 21. Nxb3
Be6 22. Nd2 Qd4 23. O-O Rad8 24. b4 e4 25. Qf4 Qxd3 26. Rfd1 Qc3 27. Ndf1 1-0

[Event "AUTO-OPEN-1305"]
[Site "http://www.queenalice.com/game.php?id=478392"]
[Date "2008.10.17"]
[Round "1"]
[White "Petita39"]
[Black "diego2907"]
[Result "1-0"]
[WhiteElo "2092"]
[BlackElo "1718"]

1. d4 d5 2. c4 dxc4 3. Nc3 Bf5 4. e3 e6 5. Bxc4 a6 6. e4 Bg6 7. a3 Nc6 8. Nf3 h6
9. O-O Nf6 10. Re1 Be7 11. b4 Bh5 12. d5 exd5 13. exd5 Na7 14. Bb2 O-O 15. Qd3
Bd6 16. Ne4 Bg6 17. Bxf6 gxf6 18. Qd4 Be7 19. Rad1 f5 20. Nc5 Bxc5 21. Qxc5 Nc8
22. Qe3 Nd6 23. Bb3 Re8 24. Qxh6 Qf6 25. Qc1 Bh5 26. Qf4 Re4 27. Rxe4 Nxe4 28.
Bc2 Re8 29. Re1 Bg6 30. Bxe4 Rxe4 31. Rxe4 Bh5 32. Re8+ Kg7 33. Qg5+ Bg6 34. h4
Qa1+ 35. Kh2 Qf1 36. h5 Qxf2 37. hxg6 fxg6 38. Qe7+ Kh6 39. Rh8# 1-0

[Event "AUTO-OPEN-1156"]
[Site "http://www.queenalice.com/game.php?id=541189"]
[Date "2009.2.16"]
[Round "3"]
[White "Arikalevi"]
[Black "Petita39"]
[Result "1-0"]
[WhiteElo "2290"]
[BlackElo "2077"]

1. e4 e5 2. Nf3 Nf6 3. Nxe5 d6 4. Nf3 Nxe4 5. d4 d5 6. Bd3 Bd6 7. O-O O-O 8. c4
c6 9. cxd5 cxd5 10. Nc3 Nxc3 11. bxc3 Bg4 12. Rb1 Qc7 13. h3 Bd7 14. Re1 Re8 15.
Rxe8+ Bxe8 16. Qc2 g6 17. c4 dxc4 18. Qxc4 b6 19. Qxc7 Bxc7 20. Ba3 Nd7 21. Rc1
Bf4 22. Rc2 Nf8 23. g3 Bh6 24. Be4 1-0

[Event "AUTO-OPEN-1156"]
[Site "http://www.queenalice.com/game.php?id=541190"]
[Date "2009.2.16"]
[Round "3"]
[White "Petita39"]
[Black "Arikalevi"]
[Result "0-1"]
[WhiteElo "2094"]
[BlackElo "2284"]

1. d4 d5 2. c4 e6 3. Nf3 Nf6 4. e3 c5 5. Nc3 Be7 6. Bd3 O-O 7. O-O dxc4 8. Bxc4
a6 9. dxc5 Bxc5 10. b3 b5 11. Bd3 Bb7 12. Bb2 Nbd7 13. Ng5 h6 14. Nge4 b4 15.
Nxf6+ Qxf6 16. Na4 Qg5 17. e4 Ba7 18. Qc1 Nf6 19. Qxg5 hxg5 20. e5 Nd5 21. Be4
Rac8 22. Rac1 Bc6 0-1

[Event "AUTO-OPEN-1305"]
[Site "http://www.queenalice.com/game.php?id=543415"]
[Date "2009.2.20"]
[Round "2"]
[White "Petita39"]
[Black "Barreto"]
[Result "0-1"]
[WhiteElo "2053"]
[BlackElo "2267"]

1. d4 Nf6 2. c4 e6 3. Nf3 Be7 4. e3 O-O 5. Bd3 d5 6. O-O dxc4 7. Bxc4 c5 8. Nc3
Nc6 9. a3 b6 10. dxc5 Na5 11. Bd3 bxc5 0-1

[Event "AUTO-OPEN-1305"]
[Site "http://www.queenalice.com/game.php?id=543416"]
[Date "2009.2.20"]
[Round "2"]
[White "Barreto"]
[Black "Petita39"]
[Result "1-0"]
[WhiteElo "2260"]
[BlackElo "2086"]

1. e4 e5 2. Nf3 Nf6 3. d4 Nxe4 4. Bd3 d5 5. Nxe5 Bd6 6. Nd2 Bxe5 7. dxe5 Nc5 8.
Nf3 O-O 9. Bg5 Qe8 10. O-O Bg4 11. Be2 1-0

[Event "AUTO-OPEN-1305"]
[Site "http://www.queenalice.com/game.php?id=543417"]
[Date "2009.2.20"]
[Round "2"]
[White "Petita39"]
[Black "mole"]
[Result "0-1"]
[WhiteElo "2027"]
[BlackElo "2345"]

1. d4 Nf6 2. c4 e6 3. Nf3 Bb4+ 4. Bd2 Bxd2+ 5. Nbxd2 d6 6. e3 O-O 7. Bd3 e5 8.
O-O Bg4 9. h3 Bxf3 10. Qxf3 c6 0-1